000 00918nam a22002297a 4500
003 OSt
005 20250904092806.0
008 250904b |||||||| |||| 00| 0 eng d
020 _a978-621-406-073-3
040 _aDWC-Main Lib
_cOC
082 _aFil. 499.211 M311a 2016
100 _aMaranan, Mario H.
245 _aAng Guru: komunikasyon at pananaliksik sa wika at kulturang Pilipino :
_b batayan sa pamantayang itinakda sa Filipino para sa senior high school/
_cMario H. Maranan [and two others]
260 _aIntramuros Manila, Philippines :
_bMindshapers Co. Inc.,
_cc2016.
300 _aviii, 298 pages :
_billustrations ;
_c26cm.
504 _aIncludes bibliographical references.
650 _a1. Language and languages-- Study and teaching.
650 _a2. Filipino language-- Language and teaching.
700 _aPesigan, Neriza C.
700 _aDungo, Clarisa S.
942 _2ddc
_cBK - FIL
_kFil.
_n0
999 _c4457
_d4457